| 000 | 00618nam a22002297a 4500 | ||
|---|---|---|---|
| 999 |
_c4591 _d4591 |
||
| 001 | 4591 | ||
| 003 | BD-JhCC | ||
| 005 | 20171128190531.0 | ||
| 008 | 171128s1999 ii ad||| |||| 001 0 eng d | ||
| 035 | _a(BD-JhCC)4591 | ||
| 040 |
_aBD-JhCC _dBD-JhCC |
||
| 041 | _aeng | ||
| 082 |
_a518.6 _bSAS 1999 |
||
| 100 | _aSastry, S. S. | ||
| 245 |
_aIntroductory Methods of Numerical Analysis / _cS. S. Sastry |
||
| 260 |
_aDelhi : _bPerntice Hall of Indai Private Limited , _c1999. |
||
| 300 |
_a380 p. : _bill. : _c23 cm. |
||
| 504 | _aIncludes Index | ||
| 650 | _aNumerical Analysis | ||
| 942 |
_2ddc _cBK |
||